000 00564nam a2200193Ia 4500
003 GCL
008 140319s9999 xx 000 0 ara d
040 _aGCL /
_cGCL
082 0 4 _a398.22
_bف ع
100 1 _aفاضل عبدالواحد على
245 1 0 _aعشتار ومأساة تموز /
_cفاضل عبدالواحد على
300 _a242 ص
490 _aسلسلة الكتب الحديثة
_v0
650 0 4 _aالاساطير العربية
650 0 4 _aالادب الشعبى
650 0 4 _aعشتار
650 0 4 _aتموز
942 _2ddc
_cBK
999 _c47489
_d47489